000 00541nam a2200145Ia 4500
008 170221s9999 xx 000 0 und d
100 _aSergey Dmitriev
245 _aInnovation, Economic Growth and Inequality
245 _cSergey Dmitriev, Mikhail Drigo, Valentina Kalinicheva, Elena Shadoba, Marina Ozherelieva, Irina Matyushkina
260 _bInternational Review of Management and Marketing
260 _cDecember 2014
300 _a6:2
650 _xMarketing.
856 _uhttp://www.econjournals.com/index.php/irmm/issue/view/70
999 _c310207
_d310207